| 000 | 00000cam 2200000zi 4500 |
| 001 | 9.952507 |
| 003 | CaOODSP |
| 005 | 20260327082702 |
| 006 | m o d f |
| 007 | cr bn||||||||| |
| 008 | 250619s2025 onc ol f000 0 fre d |
| 040 | |aCaOODSP|bfre|erda|cCaOODSP |
| 041 | 0 |aeng|afre |
| 043 | |an-cn--- |
| 086 | 1 |aXB451-8/1-PDF |
| 110 | 1 |aCanada. |bParlement. |bChambre des communes, |eorganisme de publication. |
| 245 | 13|aAn Act respecting cyber security, amending the Telecommunications Act and making consequential amendments to other Acts = |bLoi concernant la cybersécurité, modifiant la Loi sur les télécommunications et apportant des modifications corrélatives à d'autres lois. |
| 246 | 11|aLoi concernant la cybersécurité, modifiant la Loi sur les télécommunications et apportant des modifications corrélatives à d'autres lois |
| 246 | 1 |iTitre abrégé : |aLoi sur la protection des cybersystèmes essentiels |
| 264 | 1|a[Ottawa] : |bHouse of Commons of Canada = Chambre des communes du Canada, |c2025. |
| 300 | |a1 ressource en ligne (ix, 90, 3 pages). |
| 336 | |atexte|btxt|2rdacontent/fre |
| 337 | |ainformatique|bc|2rdamedia/fre |
| 338 | |aressource en ligne|bcr|2rdacarrier/fre |
| 490 | 1 |aProjet de loi C-... ; |vProjet de loi C-8, 1re session, 45e législature |
| 500 | |a« Première session, quarante-cinquième législature, 3 Charles III, 2025. » |
| 500 | |a« Première lecture le 18 juin 2025. » |
| 500 | |a« Ministre de la Sécurité Publique. » |
| 546 | |aTexte en anglais et en français. |
| 610 | 16|aCanada. |tLoi sur les télécommunications. |
| 650 | 6|aSécurité informatique|xDroit|zCanada|vLégislation. |
| 650 | 6|aTélécommunications|xPolitique gouvernementale|zCanada. |
| 655 | 7|aProjets de loi|2rvmgf |
| 788 | |tAn Act respecting cyber security, amending the Telecommunications Act and making consequential amendments to other Acts = |eeng|w(CaOODSP)9.952504 |
| 830 | #0|aProjet de loi C-...|vProjet de loi C-8, 1re session, 45e législature.|w(CaOODSP)9.500660 |
| 856 | 40|qPDF|s924 Ko|uhttps://publications.gc.ca/collections/collection_2025/parl/XB451-8-1.pdf |
| 856 | 4 |qHTML|sS.O.|uhttps://www.parl.ca/documentviewer/fr/45-1/projet-loi/C-8/premiere-lecture |
| 986 | |a91126 |